000
00282nam a22001217a 4500
041
_a
ENG
100
_a
Nair K
245
_a
Fluency in Saking Questions
260
_a
Delhi
_b
Adult Faculties
_c
2003
300
_a
48
650
_a
Competitive Exam
856
_u
Competitive Exam ( 36 )
999
_c
945
_d
945